000
00361nam a2200157Ia 4500
005
20250603145037.0
008
250603s9999 xx 000 0 und d
020
_a
9789789318230
245
0
_a
Goodluck Ebele Jonathan : champion for women
260
_a
Lagos
260
_b
Sisley Ltd
260
_c
2013
300
_a
321 p
650
_a
Lagos
942
_c
BK
999
_c
40702
_d
40702